Fruits and Veggies By Varieties Quiz Stats

 Plays Quiz Updated Nov 15, 2018

Challenge
Share
Tweet
Embed
Score 0/18 Timer 04:00
2 Plays Today
Varieties Fruit/Veggie % Correct
Oak Leaf, Butterhead, IcebergLettuce
92.4%
Concord, Bluebell, Ruby SeedlessGrapes
86.5%
Scarlet Navel, Valencia, AmbersweetOranges
82.8%
Fuji, Rome Beauty, WinesapApples
81%
Yukon Gold, Silverton, Gem RussetPotatoes
79.9%
Early Girl, Scarlet Beefsteak, RomaTomatoes
78.9%
White Sweet Spanish, Red Burgundy, VidaliaOnions
76%
Anjou, Bartlett, BoscPears
66.5%
Kalamata, Manzanillo, QueenOlives
64.6%
Varieties Fruit/Veggie % Correct
Yellow Crookneck, White Patty Pan,
Early Prolific Straightneck
Squash
62.6%
Kona Sugarloaf, Hawaiian King, HiloPineapples
60.6%
Belle of Georgia, Dessert Gold, EmpressPeaches
57.9%
Rainier, Bing, SweetheartCherries
55.7%
Black Beauty, Long Purple, Little SpookyEggplant
52%
Bell Tower, Big Bertha, ClovisPeppers
37.9%
Silver Queen, Early Sunglow,
Butter and Sugar
Corn
24.4%
Fairytale, Yellow of Paris, Jack Be LittlePumpkins
13.1%
Golden Pascal, Tendercrisp, Emerald ExcelCelery
8.9%

You're not logged in!

Compare scores with friends on all Sporcle quizzes.
OR
Log In

You Might Also Like...

Show Comments

Extras

Top Quizzes Today


Score Distribution

Your Account Isn't Verified!

In order to create a playlist on Sporcle, you need to verify the email address you used during registration. Go to your Sporcle Settings to finish the process.

Report this User

Report this user for behavior that violates our Community Guidelines.

Details: